000 00476cam a2200193 4500
001 D10175
008 090401t1976 xxu||||| |||| 00| 0 eng d
035 _a(Sirsi) u94331
041 _aeng
050 _a333.1
100 _aBanwell, Derick
245 _aEquity sharing leases under the Community Land Act
260 _c1976
350 _a0
520 _aIn The Blundell Memorial Lectures April-May 1976
700 _aWood, Derek
942 _n0
948 _c04/03/1997
999 _c97983
_d97983